Изучение условий инициирования относительных смещений структурных элементов разломно-блоковых сред при вибрационных воздействиях; Известия Томского политехнического университета [Известия ТПУ]; Т. 310, № 2
| Parent link: | Известия Томского политехнического университета [Известия ТПУ]/ Томский политехнический университет (ТПУ).— , 2000- Т. 310, № 2.— 2007.— [С. 32-37] |
|---|---|
| Hovedforfatter: | |
| Andre forfattere: | , |
| Summary: | Заглавие с титульного листа Электронная версия печатной публикации На основе компьютерного моделирования методом подвижных клеточных автоматов проведено теоретическое изучение условий инициирования относительных смещений по границам раздела блоков геосреды, находящейся в сложном напряженном состоянии, при локальных вибрационных воздействиях. Показано, что определяющими факторами при формировании неустойчивой подвижки по межблочной границе разломно-блоковых геологических сред являются относительная величина сдвиговых напряжений, а также частота вибрационного воздействия, т. е. времени выделения энергии импульса. Слабые по мощности, но продолжительные по времени воздействия на высоконапряженные границы раздела являются наиболее эффективными с точки зрения энергозатрат. |
| Sprog: | russisk |
| Udgivet: |
2007
|
| Serier: | Науки о земле |
| Fag: | |
| Online adgang: | http://www.lib.tpu.ru/fulltext/v/Bulletin_TPU/2007/v310/i2/06.pdf |
| Format: | MixedMaterials Electronisk Book Chapter |
| KOHA link: | https://koha.lib.tpu.ru/cgi-bin/koha/opac-detail.pl?biblionumber=172066 |
MARC
| LEADER | 00000nla2a2200000 4500 | ||
|---|---|---|---|
| 001 | 172066 | ||
| 005 | 20231031164202.0 | ||
| 035 | |a (RuTPU)RU\TPU\book\186547 | ||
| 035 | |a RU\TPU\book\186545 | ||
| 090 | |a 172066 | ||
| 100 | |a 20091210d2007 k y0rusy50 ca | ||
| 101 | 0 | |a rus | |
| 102 | |a RU | ||
| 135 | |a drnn ---uucaa | ||
| 181 | 0 | |a i | |
| 182 | 0 | |a b | |
| 200 | 1 | |a Изучение условий инициирования относительных смещений структурных элементов разломно-блоковых сред при вибрационных воздействиях |b Электронный ресурс |f С. В. Астафуров, Е. В. Шилько, С. Г. Псахье | |
| 203 | |a Текст |c электронный | ||
| 215 | |a 1 файл (2.1 Мб) | ||
| 225 | 1 | |a Науки о земле | |
| 230 | |a Электронные текстовые данные (1 файл : 2.1 Мб) | ||
| 300 | |a Заглавие с титульного листа | ||
| 300 | |a Электронная версия печатной публикации | ||
| 320 | |a [Библиогр.: с. 37 (13 назв.)] | ||
| 330 | |a На основе компьютерного моделирования методом подвижных клеточных автоматов проведено теоретическое изучение условий инициирования относительных смещений по границам раздела блоков геосреды, находящейся в сложном напряженном состоянии, при локальных вибрационных воздействиях. Показано, что определяющими факторами при формировании неустойчивой подвижки по межблочной границе разломно-блоковых геологических сред являются относительная величина сдвиговых напряжений, а также частота вибрационного воздействия, т. е. времени выделения энергии импульса. Слабые по мощности, но продолжительные по времени воздействия на высоконапряженные границы раздела являются наиболее эффективными с точки зрения энергозатрат. | ||
| 337 | |a Adobe Reader | ||
| 461 | 1 | |0 (RuTPU)RU\TPU\book\176237 |t Известия Томского политехнического университета [Известия ТПУ] |f Томский политехнический университет (ТПУ) |d 2000- | |
| 463 | 1 | |0 (RuTPU)RU\TPU\book\186512 |x 1684-8519 |t Т. 310, № 2 |v [С. 32-37] |d 2007 |p 269 с. | |
| 610 | 1 | |a условия | |
| 610 | 1 | |a инициирование | |
| 610 | 1 | |a относительные смещения | |
| 610 | 1 | |a структурные элементы | |
| 610 | 1 | |a разломно-блоковые среды | |
| 610 | 1 | |a вибрационные воздействия | |
| 610 | 1 | |a компьютерное моделирование | |
| 610 | 1 | |a метод подвижных клеточных автоматов | |
| 610 | 1 | |a теоретическое изучение | |
| 610 | 1 | |a блоки | |
| 610 | 1 | |a геосреды | |
| 610 | 1 | |a напряженные состояния | |
| 610 | 1 | |a факторы | |
| 610 | 1 | |a формирование | |
| 610 | 1 | |a неустойчивые подвижки | |
| 610 | 1 | |a межблочные границы | |
| 610 | 1 | |a геологические среды | |
| 610 | 1 | |a сдвиговые напряжения | |
| 610 | 1 | |a энергия | |
| 610 | 1 | |a импульсы | |
| 610 | 1 | |a мощность | |
| 610 | 1 | |a энергозатраты | |
| 610 | 1 | |a электронный ресурс | |
| 700 | 1 | |a Астафуров |b С. В. | |
| 701 | 1 | |a Шилько |b Е. В. | |
| 701 | 1 | |a Псахье |b С. Г. |c доктор физико-математических наук |c зав. каф. физики высоких технологий в машиностроении (ФВТМ) МСФ, ТПУ |c директор Института физики прочности и материаловедения СО РАН |c профессор Томского государоственного университета |f 1952- |g Сергей Григорьевич |2 stltpush |3 (RuTPU)RU\TPU\pers\25589 | |
| 801 | 1 | |a RU |b 63413507 |c 20090623 |g PSBO | |
| 801 | 2 | |a RU |b 63413507 |c 20211115 |g PSBO | |
| 856 | 4 | |u http://www.lib.tpu.ru/fulltext/v/Bulletin_TPU/2007/v310/i2/06.pdf | |
| 942 | |c CF | ||